00266nam a2200109Ia 4500008004100000020001800041082001400059100003000073245003100103260001000134500001200144260604s9999 xx 000 0 und d a9781250107855 a813.6 MCC aA Feiwel And Friends Book 0aSpirits, Spells, and Snark bSHREE aSpirits